03040nam a2200349Ia 4500008004100000040001800041041000800059100003500067245009400102246021900196246007500415246020600490246009300696260006600789300010600855500026100961500025401222500026001476500012001736500025701856504002202113505025202135506002202387546004302409650001802452650005302470650006202523650004002585700001802625700001902643700002802662130821s1737 fr a gr lat  aCo-BoUCMbspa0 alat1 aAzevedo, Alfonso ded1518-159810aCommentarii Juris Civilis in Hispaniae regias constitutionescauthore Alphonso de Azevedo13a[Comentarios de Derecho Civil a las Constituciones reales de EspañanTomo terceropIncluye el libro quinto de la Nueva RecopilaciónnTomo cuarto. Incluye los libros sexto y séptimo de la Nueva Recopilación]13a[Comentarios de Derecho Civil a las Constituciones reales de España]13a[Commentarii Juris Civilis in Hispaniae regias ConstitucionesnTomus tertiuspquintum librum novae recopilationis complectensnTomus quartuspsextum et septimum librum novae recopilationis complectens]15aDoct. Alphonsi de Azeuedo opera In Hispaniae regias constitutiones sex tomis comprehensa aLion (Francia)bApud Fratres Deville [Hermanos Deville]c1737 a4 t en 2 v. (4, 314 páginas, [1] h. en bl. , 12, 362; 2, 471, [1], 2, 304 páginas)bilustraciones aDetalles físicos (Colección): Encuadernación rígida en cartón duro forrado en pergamino. En muy buen estado de conservación. Portadas impresas a dos colores, con un muy buen grabado (posiblemente corresponde a los editores-impresores; consta de aOtros detalles físicos (V.1-2): Pergamino de las pastas algo manchado. Conserva anteportada y portadas. En la portada, anotaciones de propiedad a mano, remite al "Folio 30". Donde se encuentra la firma: "Doctor Guzmán". Y dos sellos de tinta en aOtros detalles físicos (V.3-4 Copia 2): No tiene encuadernación original, actualmente, encuadernación rígida en cartón duro forrado en papel jaspeado, con lomo y esquineras de cuero rojo; letras doradas en el lomo. Conserva portada, sucia y dobl aOtros detalles físicos (V.3-4): Incluye dos tomos en el volumen. Falta portada inicial correspondiente al tomo 3.0 aV.1-2 (1): Libro 1 La santa fe católica. ; Libertad y exención de las iglesias. ; Los prelados y clérigos; sus beneficios y libertades. ; Clérigos "de corona", solteros o casados. ; Los diezmos. ; El patronato del Rey. ; Los Estudios generales: aIncluye índice.0 aV.3-4 (3): Libro 5 Los casamientos. ; Las dotes, arras y joyas. ; De las mujeres casadas y solteras y "cuando pueden estar en juycio". ; Los testamentos y los ejecutores testamentarios. ; Mejorías "de tercio y quinto". ; Los mayorazgos. ; Heren aConsulta en sala. aTexto en latín y castellano antiguo. aDerecho civil aDerecho civilzEspañaxObras anteriores a 1800 aDerecho eclesiásticozEspañaxObras anteriores a 1800 aLegislaciónzEspañaySiglo XVII1 aDaudetegrab.1 aDelamonceeil.1 aDevillecHermanoseimp.